00861nam a2200217 a 450000100100000000500170001000800410002702000150006804000250008304100380010808200150014610000340016124000670019524501320026226000320039430000280042649000200045453401140047465000350058883000200062300001190120200929162618.0091029s1985 sp a 000 0 spa d a8437605431 aDO-SdBNPbspacBNPHU17aspaheng2Código de idioma MARC a412bF653s1 aFodor, Janet D.q(Janet Dean)10aSemantics: theories of meaning in generative gramarlespañol10aSemántica :bteorías del significado en la gramática generativa /cJanet D. Fodor ; traductor, Francisco Aliaga García. aMadrid :bCátedra,c1985. a317 p. :bil. ;c21 cm.1 aLingüística pTítulo original en inglés:tSemantics: theories of meaning in generative gramarcThomas Crowell Co., 1977 4aSemiología (lingüística) 0aLingüística